• 首页
  • 本馆介绍
  • 公告通知
  • 最新文献
  • 馆藏检索
  • 电子资源
  • 读者导购
  • 参考咨询
  • 我的图书馆
  • 登录
  • 详细信息显示
  • 放入我的书架
  • 预约/预借图书
  • 作者相关作品
  • 分类相关作品
  • 丛书相关作品
  • 出版社相关作品

书目信息

  • 表格格式
  • 工作单格式
  • 卡片格式
题名:
商务新学制国语教科书
    
 
作者: 吴研因, , 庄适, , 沈圻 编著
分册:  
出版信息: 济南   山东人民出版社  2017.3
页数: 440页
开本: 21cm
丛书名:
单 册:
中图分类: G624.201
科图分类:
主题词: 小学语文课--教材
电子资源:
ISBN: 978-7-209-10292-6
000 00869nam0 2200277 45
001 012001001954
005 20140821152413.0
010    @a978-7-209-10292-6@dCNY38.00
099    @aCAL 012018022751
100    @a20170518d2017 em y0chiy0110 ea
101 0  @achi
102    @aCN@b370000
105    @aa z 000yy
106    @ar
200 1  @a商务新学制国语教科书@Ashang wu xin xue zhi guo yu jiao ke shu@f吴研因, 庄适, 沈圻编著
210    @a济南@c山东人民出版社@d2017.3
215    @a440页@c图@d21cm
300    @a经典民国老课本
330    @a本书收录了《商务新学制国语教科书》第一至八册的部分课文。
606 0  @a小学语文课@j教材
690    @aG624.201@v5
701  0 @a吴研因,@Awu yan yin@f1886-1975@4编著
701  0 @a庄适,@Azhuang shi@f1885-1956@4编著
701  0 @a沈圻@Ashen qi@4编著
801    @aCN@bAHXH@c20210922
905    @b1249814-8@dG624.201@e1505@f5
    
    商务新学制国语教科书/吴研因, 庄适, 沈圻编著.-济南:山东人民出版社,2017.3
    440页:图;21cm
    经典民国老课本
    
    ISBN 978-7-209-10292-6:CNY38.00
    本书收录了《商务新学制国语教科书》第一至八册的部分课文。
●
相关链接 在E读中查询图书 在五车中查询图书 在当当中查询图书 在豆瓣中查询图书


正题名:商务新学制国语教科书     索取号:G624.201/1505         预约/预借

序号 登录号 条形码 馆藏地/架位号 状态 备注
1 1249814   212498144   第一样本阅览室/ [索取号:G624.201/1505] 在馆    
2 1249815   212498153   教育系资料室/ [索取号:G624.201/1505] 在馆    
3 1249816   212498162   教育系资料室/ [索取号:G624.201/1505] 在馆    
4 1249817   212498171   第四借阅区/ [索取号:G624.201/1505] 在馆    
5 1249818   212498180   第四借阅区/ [索取号:G624.201/1505] 在馆    
唐山师范学院图书馆 欢迎您!
大连网信软件有限公司© 版权所有